| 000 | 00936nam a2200265 i 4500 | ||
|---|---|---|---|
| 001 | bg | ||
| 100 | 1 | _aSadowski, Jan. | |
| 245 | 0 | 0 |
_aNowa interpretacja i ocena zużycia tribologicznego / _cJan Sadowski. |
| 260 |
_aRadom : _bPolitechnika Radomska. Wydawnictwo ; _c2006. |
||
| 300 |
_a86 s. : _brys., wykr. ; _c24 cm. |
||
| 490 | 1 |
_aMonografia / [Politechnika Radomska], _x1642-5278 ; _vnr 89 |
|
| 504 | _aBibliogr. s. 84-85. | ||
| 546 | _aStreszcz. ang. Spis treści także ang. | ||
| 650 | 9 | _aTarcie | |
| 650 | 9 | _aTrybologia | |
| 650 | 9 | _aWytrzymałość materiałów | |
| 830 | 0 |
_aMonografie - Politechnika Radomska im. Kazimierza Pułaskiego _x1642-5278 _vnr 89 |
|
| 040 | _cBPK | ||
| 041 | 0 |
_apol _beng |
|
| 044 | _aPOL | ||
| 080 | _a621.89:621.791/.795:531.4:539.3/.6 | ||
| 942 | _cKS | ||
| 008 | s pl f |000 0 pol | ||
| 999 |
_c54412 _d54412 |
||
| 856 |
_uhttp://koha.tu.koszalin.pl/cgi-bin/koha/opac-detail.pl?biblionumber=54412 _yKatalog online BPK |
||